[Event "Torquay Morning Thynne op"]
[Site "Torquay"]
[Date "2019.09.02"]
[Round "1"]
[White "Wilby, Robert G"]
[Black "Shaddick, John"]
[Result "1-0"]
[WhiteElo "1602"]
[BlackElo "1465"]
[PlyCount "77"]
[EventDate "2019.09.02"]
[EventType "swiss"]
[EventRounds "5"]
[EventCountry "ENG"]
[SourceTitle "CBM 195 Extra"]
[Source "ChessBase"]
[SourceDate "2020.05.31"]
[SourceVersion "1"]
[SourceVersionDate "2020.05.31"]
[SourceQuality "1"]

1. d4 d5 2. Nf3 Nf6 3. g3 Nbd7 4. Bg2 e6 5. 0-0 Be7 6. c4 dxc4 7. Qa4 0-0 8. Qxc4 c6 9. Qc2 Re8 10. Rd1 Nf8 11. Nc3 Bd7 12. Ne5 Rc8 13. Qb3 Qb6 14. Qc2 a5 15. Nc4 Qa7 16. Bg5 b5 17. Bxf6 bxc4 18. Bxe7 Rxe7 19. Ne4 Rb8 20. Nd6 e5 21. dxe5 Rxe5 22. Nxc4 Rc5 23. b3 Be6 24. Be4 g6 25. Bd3 Nd7 26. Qd2 Nf6 27. Rac1 Rh5 28. Ne3 Bd5 29. Bc4 Ne4 30. Qd4 Qxd4 31. Rxd4 Rd8 32. Rcd1 Nxf2 33. Kxf2 Rxh2+ 34. Ke1 Re8 35. Nxd5 cxd5 36. Rxd5 Rg2 37. Rd8 Rg1+ 38. Kf2 Rxd1 39. Rxd1 1-0

[Event "Paignton Morning Thynne op"]
[Site "Torquay"]
[Date "2018.09.03"]
[Round "1"]
[White "Shaddick, John"]
[Black "Miles, Barry S"]
[Result "1/2-1/2"]
[WhiteElo "1465"]
[BlackElo "1502"]
[PlyCount "62"]
[EventDate "2018.09.03"]
[EventType "swiss"]
[EventRounds "5"]
[EventCountry "ENG"]
[SourceTitle "EXT 2021"]
[Source "ChessBase"]
[SourceDate "2020.10.23"]
[SourceVersion "1"]
[SourceVersionDate "2020.10.23"]
[SourceQuality "1"]

1. e4 c5 2. Nf3 e6 3. d4 cxd4 4. Nxd4 Nc6 5. Be3 a6 6. g3 Qc7 7. Bg2 Nf6 8. 0-0 Be7 9. Nc3 0-0 10. f4 d6 11. Qe2 Nxd4 12. Bxd4 e5 13. fxe5 dxe5 14. Be3 Be6 15. Nd5 Nxd5 16. exd5 Bd7 17. c4 Rac8 18. Rac1 Qa5 19. b3 Bc5 20. Bxc5 Qxc5+ 21. Kh1 Qd6 22. Rfe1 f6 23. Qf2 b6 24. Be4 f5 25. Bb1 f4 26. Rg1 b5 27. Be4 Bf5 28. Bxf5 Rxf5 29. g4 Rf7 30. Qf3 Rfc7 31. Qe4 Rc5 1/2-1/2

[Event "GBR-ch U1900 op 105th"]
[Site "Hull"]
[Date "2018.08.02"]
[Round "4"]
[White "Gogna, Aman"]
[Black "Shaddick, John"]
[Result "1/2-1/2"]
[WhiteElo "1437"]
[BlackElo "1667"]
[PlyCount "41"]
[EventDate "2018.07.30"]
[EventType "swiss"]
[EventRounds "5"]
[EventCountry "ENG"]
[SourceTitle "EXT 2021"]
[Source "ChessBase"]
[SourceDate "2020.10.23"]
[SourceVersion "1"]
[SourceVersionDate "2020.10.23"]
[SourceQuality "1"]

1. d4 d5 2. Nf3 Nf6 3. c4 dxc4 4. Qa4+ c6 5. Qxc4 Nbd7 6. g3 Nb6 7. Qc2 Bg4 8. Nbd2 e6 9. Bg2 Rc8 10. Qb3 Be7 11. 0-0 0-0 12. e3 Qc7 13. Ne5 Be2 14. Re1 Ba6 15. Ndc4 Nxc4 16. Nxc4 Nd7 17. e4 b5 18. Na3 Rfe8 19. Bf4 Qb6 20. Nc2 c5 21. a4 1/2-1/2

[Event "BCF-ch U160"]
[Site "Aberystwyth"]
[Date "2014.07.30"]
[Round "3"]
[White "Thakur, Maitreya"]
[Black "Shaddick, John"]
[Result "1-0"]
[WhiteElo "150"]
[BlackElo "142"]
[PlyCount "29"]
[EventDate "2014.07.28"]
[EventType "swiss"]
[EventRounds "5"]
[EventCountry "WLS"]
[SourceTitle "EXT 2017"]
[Source "ChessBase"]
[SourceDate "2016.10.25"]
[SourceVersion "1"]
[SourceVersionDate "2016.10.25"]
[SourceQuality "1"]

1. d4 d5 2. e3 Nf6 3. Bd3 e6 4. f4 Be7 5. Nd2 Nbd7 6. Ngf3 c5 7. c3 0-0 8. 0-0 Qc7 9. Ne5 Rd8 10. Rf3 Nf8 11. Rh3 Bd7 12. g4 Rac8 13. g5 Ne8 14. Bxh7+ Nxh7 15. Qh5 1-0

[Event "BCF-ch U160"]
[Site "Aberystwyth"]
[Date "2014.07.28"]
[Round "1"]
[White "Vijayakumar, Ananth"]
[Black "Shaddick, John"]
[Result "1/2-1/2"]
[WhiteElo "153"]
[BlackElo "142"]
[PlyCount "43"]
[EventDate "2014.07.28"]
[EventType "swiss"]
[EventRounds "5"]
[EventCountry "WLS"]
[SourceTitle "EXT 2017"]
[Source "ChessBase"]
[SourceDate "2016.10.25"]
[SourceVersion "1"]
[SourceVersionDate "2016.10.25"]
[SourceQuality "1"]

1. c4 e5 2. Nc3 Nf6 3. g3 Be7 4. Bg2 c6 5. e3 d6 6. Nge2 Bg4 7. 0-0 Nbd7 8. h3 Bh5 9. d4 Qc7 10. d5 0-0 11. Qd2 h6 12. f4 Bxe2 13. Qxe2 cxd5 14. cxd5 a6 15. Bd2 exf4 16. exf4 Rfe8 17. Qf2 Nc5 18. Be3 Rac8 19. Qd2 Qd7 20. b4 Na4 21. Nxa4 Qxa4 22. Rac1 1/2-1/2

[Event "Beacon Seniors op"]
[Site "Exmouth"]
[Date "2008.11.19"]
[Round "3"]
[White "Shaddick, John"]
[Black "Jenkins, Geoffrey J"]
[Result "1-0"]
[WhiteElo "1528"]
[BlackElo "1200"]
[PlyCount "101"]
[EventDate "2008.11.17"]
[EventType "swiss"]
[EventRounds "5"]
[EventCountry "ENG"]
[SourceTitle "EXT 2011"]
[Source "ChessBase"]
[SourceDate "2010.11.26"]
[SourceVersion "1"]
[SourceVersionDate "2010.11.26"]
[SourceQuality "1"]

1. e4 e5 2. Nf3 Nc6 3. Bc4 Nf6 4. d4 Na5 5. Bd3 d5 6. Nxe5 dxe4 7. Bb5+ c6 8. Ba4 b5 9. Bb3 Nxb3 10. axb3 Qb6 11. 0-0 Bd6 12. Bg5 0-0 13. c4 c5 14. cxb5 Qb8 15. Bxf6 gxf6 16. Ng4 Bxg4 17. Qxg4+ Kh8 18. Qh4 Qd8 19. dxc5 Bxc5 20. Qxe4 Qc7 21. Nc3 Rae8 22. Qf3 Bd4 23. Rfe1 Be5 24. g3 f5 25. Rac1 Qd7 26. Rcd1 Qe6 27. Qc6 Qxb3 28. Rxe5 Re6 29. Rxe6 fxe6 30. Qd6 Kg8 31. Qd2 Rf6 32. Qd8+ Rf8 33. Qg5+ Kh8 34. Rd8 Rxd8 35. Qxd8+ Kg7 36. Qe7+ Kg6 37. Qxa7 Qxb2 38. Qc5 Kg5 39. Qc4 Kf6 40. Kg2 Qa3 41. Qd4+ Kg6 42. Ne2 Qa8+ 43. Kh3 Qf3 44. Nf4+ Kh6 45. Qe3 Qg4+ 46. Kg2 Qd1 47. Nxe6+ Kg6 48. Qg5+ Kf7 49. Qxf5+ Ke7 50. Nf4 Qb3 51. Qxh7+ 1-0

[Event "Beacon Seniors op 50+"]
[Site "Exmouth"]
[Date "2005.11.15"]
[Round "2"]
[White "Shaddick, John"]
[Black "Gosling, Brian GE"]
[Result "1/2-1/2"]
[WhiteElo "1592"]
[BlackElo "1792"]
[PlyCount "102"]
[EventDate "2005.11.14"]
[EventType "swiss"]
[EventRounds "5"]
[EventCountry "ENG"]
[SourceTitle "EXT 2007"]
[Source "ChessBase"]
[SourceDate "2006.11.23"]
[SourceVersion "1"]
[SourceVersionDate "2006.11.23"]
[SourceQuality "1"]

1. e4 c6 2. d4 d5 3. e5 Qb6 4. c3 Bf5 5. g4 Bd7 6. Bd3 e6 7. Nd2 c5 8. dxc5 Bxc5 9. Qe2 a5 10. Nb3 Na6 11. Bxa6 Rxa6 12. Nxc5 Qxc5 13. Be3 Qc7 14. Nf3 h5 15. Rg1 g6 16. Bg5 Rc6 17. Qe3 b5 18. Nd4 Rc4 19. h3 hxg4 20. hxg4 b4 21. Kd2 bxc3+ 22. bxc3 f6 23. exf6 e5 24. Rh1 Rxh1 25. Rxh1 Ba4 26. f7+ Qxf7 27. Qxe5+ Kd7 28. f4 Kc8 29. Rb1 Rc7 30. Qe6+ Qxe6 31. Nxe6 Rf7 32. Rh1 Bd7 33. Rh8 Bxe6 34. Rxg8+ Kd7 35. Rxg6 Bxg4 36. Ra6 Rf8 37. Rxa5 Bf3 38. Ra7+ Kc6 39. a4 Re8 40. Re7 Ra8 41. Re6+ Kd7 42. Re3 Be4 43. Bf6 Rxa4 44. Bd4 Ra2+ 45. Ke1 Ra4 46. Kf2 Ra2+ 47. Kg3 Rg2+ 48. Kh4 Ke6 49. Rg3 Rxg3 50. Kxg3 Kf5 51. Be5 Bh1 1/2-1/2

[Event "Beacon Seniors op 50+"]
[Site "Exmouth"]
[Date "2005.11.14"]
[Round "1"]
[White "Hutchings, Philip J"]
[Black "Shaddick, John"]
[Result "0-1"]
[WhiteElo "1792"]
[BlackElo "1592"]
[PlyCount "120"]
[EventDate "2005.11.14"]
[EventType "swiss"]
[EventRounds "5"]
[EventCountry "ENG"]
[SourceTitle "EXT 2007"]
[Source "ChessBase"]
[SourceDate "2006.11.23"]
[SourceVersion "1"]
[SourceVersionDate "2006.11.23"]
[SourceQuality "1"]

1. e4 e6 2. d4 d5 3. Nd2 Nf6 4. e5 Nfd7 5. Ngf3 c5 6. c3 Nc6 7. Bb5 Be7 8. 0-0 0-0 9. Re1 a6 10. Bxc6 bxc6 11. dxc5 Nxc5 12. Nb3 Nxb3 13. Qxb3 c5 14. Bf4 Bd7 15. Qc2 Bc6 16. Rad1 Rc8 17. Qd3 Bb5 18. Qd2 Re8 19. Bg5 Bxg5 20. Nxg5 h6 21. Nf3 Rc7 22. b3 Rd7 23. Qe3 Qe7 24. h3 Kh7 25. Qf4 Rg8 26. Qe3 Bc6 27. Qd3+ Kh8 28. Qxa6 Rc7 29. Qe2 Ra7 30. Qb2 Rga8 31. a4 Rb8 32. Qa3 Ra5 33. Rb1 d4 34. Nxd4 Bd5 35. c4 Bxg2 36. Kxg2 Qg5+ 37. Kh2 cxd4 38. Qd6 Qf4+ 39. Kh1 Raa8 40. Kg2 Qg5+ 41. Kf1 Qh4 42. Qc6 Qxh3+ 43. Kg1 Rd8 44. Qe4 Qc3 45. Rec1 Qb4 46. c5 Rac8 47. c6 Rd5 48. Qf4 Qe7 49. b4 Qc7 50. b5 Rxe5 51. Qxd4 Rg5+ 52. Kf1 Qh2 53. Qe4 Qh3+ 54. Ke2 Qh4 55. Kd2 Rd8+ 56. Kc3 Rg4 57. Qe3 Rxa4 58. c7 Rc8 59. Kd2 Qd4+ 60. Ke2 Ra2+ 0-1